Colours in Japanese - Statistics

General Stats
  • This quiz has been taken 222 times
  • The average score is 10 of 17
Answer Stats
Kanji Answer % Correct
White
97%
Black
89%
Red
88%
Blue
86%
Gold
78%
オレンジ Orange
78%
Green
77%
ピンク Pink
74%
Yellow
74%
Purple
62%
茶色 Brown
49%
Silver
43%
空色 Sky Blue
39%
灰色 Gray
36%
水色 Light Blue
31%
Crimson
16%
Indigo
14%
No matching quizzes found
Score Distribution
Percent of People with Each Score
Percentile by Number Answered
Your Score History
You have not taken this quiz